MDQL
is popping MORE tags! Check the
thread
!
Quizzes
Events
Quiz Creation
Community
Videos
Private Events
Remove Ads
Sign In
Join for FREE
Feedback
Dark Mode
Quiz Categories
Sports
Geography
Music
Movies
Television
Just For Fun
Miscellaneous
History
Literature
Language
Science
Gaming
Entertainment
Religion
Holiday
For Kids
Quiz Lab
Recent
Popular Today
Quiz Kudos Today
Editor Picks
Curator Picks
Quizzes by...
Day
Popularity
Type
Ratings
Length
Year
Community
Subscriptions
Recent Discussions
Orange Saloon
Badges
Playlists
Quests
Create
Leaderboards
Showdown
Live 5
Trivia Bingo
Activity
Puzzle Library
Sporcle Events
Private Events
Virtual Trivia
Globe League
Become a Host
Pub Owners
SporcleCon
Opinionation
Our Games
Videos
Blog
Mobile Apps
Partnerships
Remove Ads and Go Orange
Feedback
Geography
Country
Landmarks
City
State
Population
World
Capital
Continent
Flags
Europe
Africa
Asia
South America
North America
Oceania
Border
Canada
United Kingdom
Topography
United States
Geography
Country
Landmarks
City
State
Population
World
Capital
Continent
Flags
Europe
Africa
Asia
South America
North America
Oceania
Border
Canada
United Kingdom
Topography
United States
Random Quiz
Search Sporcle
×
Quiz Lab
Quiz Lab
Geography
Population
Type in answers that appear in a list
Type in answers that appear in a list
Classic
Best Score? Go Orange.
USA Big Cities Stats
Can you name the 55 Biggest Cities In America In Order (2011 Estimate)?
By
Blackhawks65
16m
55 Questions
687 Plays
687 Plays
687 Plays
Comments
Comments
Give Quiz Kudos
Give Quiz Kudos
-
- Ratings
hide this ad
More Info
No Skip
Answers have to be entered in order without skipping
Answers have to be entered in order without skipping
Replay
Link that replays current quiz
Next Quiz
Link to next quiz in quiz playlist
You Got
0%
They Got
Avg Score
30%
Avg Friend Score
Upgrade to see
Score Distribution
Jump to the score distribution portion of the page
Score
0/55
Timer
16:00
0
Plays Today
Population Or State
City
% Correct
?
???
100%
?
???
95.6%
?
???
90.2%
?
???
78.7%
?
???
67.9%
?
???
58.2%
?
???
52.3%
?
???
49.1%
?
???
47.9%
?
???
41.5%
?
???
40.4%
?
???
40.1%
?
???
40%
?
???
39.4%
?
???
38.7%
?
???
37.7%
?
???
36.5%
?
???
36.2%
?
???
34.9%
?
???
34.9%
?
???
28.2%
?
???
28%
?
???
28%
?
???
27.6%
?
???
27.6%
?
???
27.6%
?
???
27%
?
???
26.6%
Population Or State
City
% Correct
?
???
26.5%
?
???
26.5%
?
???
26.5%
?
???
26.3%
?
???
25.8%
?
???
22.5%
?
???
22%
?
???
20.3%
?
???
20%
?
???
19.3%
?
???
18.8%
?
???
18.8%
?
???
18.1%
?
???
17.9%
?
???
17.7%
?
???
17.7%
?
???
17.4%
?
???
16.6%
?
???
16.6%
?
???
16.2%
?
???
15.7%
?
???
15.4%
?
???
15%
?
???
13.7%
?
???
13.7%
?
???
13.3%
?
???
13.1%
Quiz Playlist
Details
Report
Send in Message
Add To Playlist
More Info:
From City #11 And Onward The State Of The City Will Be Shown
Classic:
Type in answers that appear in a list
No Skip:
Answers have to be entered in order without skipping
Last Updated: Feb 16, 2017
Quiz Scoreboard
CHALLENGE
Sign Up to Join the Scoreboard
Show All
Scores
Hide
Comments
May contain spoilers
Recently Published
1-10 Letter E Words III
by El_Dandy
Language
2m
Street Fighter Characters
by Artimus82
Gaming
60s
College Basketball Coaching Resumes
by pancakes188
Sports
9m
More to Explore
Quiz From the Vault
Featured Blog Post
Where Did the Easter Bunny Come From?
hide this ad
You Might Also Like...
Tags
City Quiz
Population Quiz
State Quiz
America
biggest
In Order
Order
Today's Top Quizzes in Geography
Browse Geography
hide this ad
Today's Top Quizzes in Population
Browse Population
Top Contributed Quizzes in Geography
1
Countries of the World - No Outlines Minefield
2
Top 25 Cities of France on a map
3
Any capital of a 'B' country per Continent
4
Any capital of a 'C' country per Continent
5
Closest Countries to UK A-Z
6
Any capital of a 'D' country per Continent
7
5-to-1: US Geography No Hints
8
Any capital of an 'E' country per Continent
9
Find the US States - No Outlines
10
Any capital of an 'F' country per Continent
Explore More
Trending Topics
NBA
Anime
Crossword
Kpop
Harry Potter
Marvel
Disney
Puzzle
Song
WWE
The Office
NFL
Soccer
Pokémon
Country
hide this ad
More By:
Blackhawks65
Quiz
Plays
Rating
Category
Featured
Created
Follow That Line: Shrek
143,014
4.64
Movies
Sep 2, 2013
Big Bang Theory Bunker
138,065
3.94
Television
Oct 12, 2013
Border or No Border?
69,827
4.53
Geography
Aug 12, 2013
Consonantal Divide
64,189
4.72
Geography
Jun 13, 2013
Find the Ivy League States
62,907
4.62
Miscellaneous
Dec 9, 2015
Go to Creator's Profile
Score Distribution
Quiz Creator Spotlight
Blackhawks65
Follow
Send a Message
Quizzes Created
-
Created Quiz Play Count
-
More By This Creator
Popular Quizzes Today
1
Find the US States - No Outlines Minefield
2
Find the Countries of Europe - No Outlines Minefield
3
The Countries of the World
4
Find the US States
5
Risky Map Clicking: Biggest States A-Z
6
US States
7
Popular People in 1961
8
Movies - When Are They Set?
More Geography Quizzes
Above and Under: Capital Population
Editor's Pick
Trending Quizzes
Risky Map Clicking: Least Populous States A-Z
Billboard Blitz: Aretha Franklin
Famous Russians: Author or Composer?
1-10 Letter G Words
Countries of the World: 200 Million BC
Recently Updated
Leaping Animals
pecheneg
Reality TV Shows (A-Z)
bhenderson79
Rickey Henderson's Hall of Fame Teammates
pecheneg
Champions League XIs: Arsenal
pecheneg
Quick Pick: Celebrities in WWE's Hall of Fame
aduchscher
A-Z Keypad Blitz II
pecheneg
Multiple Oscar Actors
pecheneg
Mystery Phrase Blitz: Oscar 'Best Actors'
pecheneg
F. Scott Fitzgerald Novels
LTH
Pick 3 Villains
ddd62291
Trending Topics
Kpop
Marvel
Harry Potter
Crossword
Disney
Anime
NBA
Song
WWE
Country
Pokémon
Puzzle
Soccer
NFL
The Office
Your Account Isn't Verified!
In order to create a playlist on Sporcle, you need to verify the email address you used during registration. Go to your
Sporcle Settings
to finish the process.
Report this User
Report this user for behavior that violates our
Community Guidelines
.
Details:
Send Report
Go to the Sporcle.com Mobile Site →
Comments